|
|
|
|
| LEADER |
01053cam a2200277 7i4500 |
| 001 |
0000035227 |
| 005 |
20180924090000.0 |
| 007 |
##ta |
| 008 |
180924s2018 sz a ob 100 0 eng d |
| 020 |
# |
# |
|a 9783319718767
|
| 040 |
# |
# |
|a MATR
|
| 090 |
0 |
0 |
|a I 337
|b INT
|
| 111 |
2 |
# |
|a International Economic Conference in Sibiu
|c Sibiu, Romania)
|d 2017
|n (24th
|
| 245 |
1 |
0 |
|a Emerging Issues in the Global Economy :
|b 2017 International Economic Conference in Sibiu (IECS)
|c Silvia Cristina Marginean, Claudia Ogrean, Ramona Orastean, editors..
|
| 264 |
# |
1 |
|a Cham, Switzerland:
|b Springer,
|c 2018.
|
| 300 |
# |
# |
|a viii, 417 pages:
|b illustrations;
|c 27 cm.
|
| 336 |
# |
# |
|a text
|2 rdacontent
|
| 337 |
# |
# |
|a unmediated
|2 rdamedia
|
| 338 |
# |
# |
|a volume
|2 rdacarrier
|
| 504 |
# |
# |
|a Includes bibliographical references
|
| 650 |
# |
0 |
|a International economic relations
|
| 650 |
# |
0 |
|a Investments, Foreign
|
| 700 |
1 |
# |
|a Marginean, Silvia Cristina
|
| 700 |
1 |
# |
|a Ogrean, Claudia
|
| 700 |
1 |
# |
|a Orastean, Ramona
|
| 999 |
|
|
|a 0000040357
|b Book
|c International
|e Business Information Centre
|